Statistics for The Office Trivia Quiz

Click here to take the quiz!

General Stats

  • This quiz has been taken 281 times
  • The average score is 9 of 13

Answer Stats

HintAnswer% Correct
What Item of Dwight's does Jim put into Jello?Stapler
99%
What does it say on Michael's Mug?World's Best Boss
97%
What company takes over Dunder MifflinSabre
95%
What is the name of the award Michael gives out at his awards show?Dundie
90%
What restaurant hosts Michael's Award Show?Chilis
83%
What item of Andy's does Jim put into jello?Calculator
74%
Where does Jim relocate Dwight's desk after he pretends to have wrapped it all in wrapping paper?The Bathroom
72%
What is the character Michael has that is an offensive asian man?Ping
66%
What song do Andy and Erin make a parody of in order to impress the new CEO of Dunder Mifflin SabreParty in the U.S.A.
52%
According to Prison Mike, what was the worst part about prison?The Dementors
52%
What song does Michael sing when he is doing C.P.R.I Will Survive
32%
Where do Michael and Jan go on vacation together?Sandles resort
25%
What does Jim call the magic beans in the episode of the garage sale?Professor Copperfield's Miracle Legumes
20%

Score Distribution

Percentile by Number Answered

Percent of People with Each Score

Your Score History

You have not taken this quiz